Central Library OPAC University of Rajshahi

Browning : (Record no. 54262)

MARC details
000 -LEADER
fixed length control field 00675nam a2200229 a 4500
001 - CONTROL NUMBER
control field 54262
003 - CONTROL NUMBER IDENTIFIER
rucl marc code (BD-RjUL)
005 - DATE AND TIME OF LATEST TRANSACTION
control field 20211209080108.0
008 - FIXED-LENGTH DATA ELEMENTS--GENERAL INFORMATION
fixed length control field 161105s1967 enk 000 0 eng d
035 ## - SYSTEM CONTROL NUMBER
System control number (BD-RjUL) 54384
040 ## - CATALOGING SOURCE
Original cataloging agency BD-RjUL
Language of cataloging eng
Transcribing agency BD-RjUL
Modifying agency BD-RjUL
041 ## - LANGUAGE CODE
Language code of text/sound track or separate title eng
082 ## - DEWEY DECIMAL CLASSIFICATION NUMBER
Edition number 23
Author mark and year BRO1967
Classification number 821
245 10 - TITLE STATEMENT
Title Browning :
Remainder of title selected poems /
Statement of responsibility, etc. chosen and edited by Kenneth Allott
260 ## - PUBLICATION, DISTRIBUTION, ETC. (IMPRINT)
Place of publication, distribution, etc. Oxford :
Name of publisher, distributor, etc. Oxford University Press,
Date of publication, distribution, etc. c1967.
300 ## - PHYSICAL DESCRIPTION
Pagination iv, 220 p. ;
Size 19 cm.
490 ## - SERIES STATEMENT
Series statement new oxford english series
650 ## - SUBJECT ADDED ENTRY--TOPICAL TERM
Topical term or geographic name as entry element English poetry
9 (RLIN) 161970
700 1# - ADDED ENTRY--PERSONAL NAME
Personal name Allott, Kenneth.
856 ## - ELECTRONIC LOCATION AND ACCESS
Uniform Resource Identifier <a href="new oxford english series">new oxford english series</a>
942 ## - ADDED ENTRY ELEMENTS (KOHA)
Source of classification or shelving scheme Dewey Decimal Classification
Koha item type Books
Holdings
Lost status Source of classification or shelving scheme Damaged status Not for loan Collection code Permanent Location Current Location Shelving location Date acquired Source of acquisition Cost, normal purchase price Total Checkouts Full call number Date last seen Copy number Koha item type
  Dewey Decimal Classification     Non-fiction Central Library, University of Rajshahi Central Library, University of Rajshahi   27/04/1974 Oxford University Press 15.60   821 BRO 1967 05/11/2016 C-2 Books